[Event "Straume Bronstein Cup"]
[Site "Straume"]
[Date "2020.10.25"]
[Round "3"]
[White "Johannessen, Theo N"]
[Black "Ohnstad, Per"]
[Result "0-1"]
[WhiteElo "1625"]
[BlackElo "1594"]
[PlyCount "98"]
[EventDate "2020.10.25"]
[EventType "swiss (rapid)"]
[EventRounds "6"]
[EventCountry "NOR"]
[SourceTitle "EXT 2024"]
[Source "ChessBase"]
[SourceDate "2023.10.10"]
[SourceVersion "1"]
[SourceVersionDate "2023.10.10"]
[SourceQuality "1"]

1. d4 e6 2. Nf3 d5 3. c4 c6 4. Nc3 Bd6 5. g3 Ne7 6. Bg2 0-0 7. 0-0 dxc4 8. e4 Nd7 9. Qe2 b5 10. d5 exd5 11. exd5 Nxd5 12. Nxd5 cxd5 13. Nd4 Re8 14. Qc2 Qb6 15. Bxd5 Bb7 16. Qf5 Bxd5 17. Qxd7 Rad8 18. Qg4 Re4 19. Qg5 Be7 20. Qh5 Qxd4 21. Rd1 Qe5 22. Qxe5 Rxe5 23. Bf4 Re6 24. a4 b4 25. a5 Bc6 26. Rdc1 Bb5 27. Bc7 Rd7 28. Bf4 Bd6 29. Bd2 g6 30. Rd1 Bc5 31. Bh6 Rxd1+ 32. Rxd1 Bf8 33. Be3 a6 34. Rd8 Re8 35. Rd5 Bg7 36. Rd2 h5 37. h4 Be5 38. Bc5 c3 39. bxc3 bxc3 40. Ra2 Rc8 41. Be3 c2 42. Kg2 Bd4 43. Bd2 Bc4 44. Ra4 Bc3 45. Bc1 Bb5 46. Rf4 Bxa5 47. Rd4 Re8 48. Bb2 Re1 49. Rd8+ Bxd8 0-1

[Event "Straume Bronstein Cup"]
[Site "Straume"]
[Date "2020.10.25"]
[Round "6"]
[White "Larsen, Kasper1111"]
[Black "Ohnstad, Per"]
[Result "1-0"]
[WhiteElo "1243"]
[BlackElo "1594"]
[PlyCount "123"]
[EventDate "2020.10.25"]
[EventType "swiss (rapid)"]
[EventRounds "6"]
[EventCountry "NOR"]
[SourceTitle "EXT 2024"]
[Source "ChessBase"]
[SourceDate "2023.10.10"]
[SourceVersion "1"]
[SourceVersionDate "2023.10.10"]
[SourceQuality "1"]

1. d4 e6 2. c4 d5 3. Nc3 c6 4. cxd5 cxd5 5. Bf4 Bd6 6. Bg3 Ne7 7. Nf3 Nf5 8. Bxd6 Nxd6 9. e3 Nc6 10. Bd3 0-0 11. h4 Nf5 12. g4 Nh6 13. g5 Nf5 14. h5 f6 15. Qd2 fxg5 16. 0-0-0 h6 17. a3 Bd7 18. Kb1 a6 19. Rdg1 b5 20. Na2 Na5 21. Ne5 Nc4 22. Bxc4 bxc4 23. f4 gxf4 24. exf4 Ra7 25. Rg6 Rf6 26. Rxf6 Qxf6 27. Rg1 Be8 28. Rh1 Ng3 29. Rg1 Nxh5 30. Rg4 Qf5+ 31. Ka1 Nf6 32. Rg1 Nd7 33. Nc6 Nb6 34. Nxa7 Qf7 35. Qg2 Qxa7 36. Nb4 a5 37. Nc2 Nc8 38. Ne3 Qf7 39. f5 Bd7 40. Ng4 Kh7 41. Ne5 Qe7 42. Qg6+ Kg8 43. f6 Be8 44. fxe7 Bxg6 45. Rxg6 Nxe7 46. Rxe6 Nf5 47. Nf3 Kf7 48. Re5 Ne7 49. Kb1 g5 50. Kc1 Kf6 51. Kd1 g4 52. Nh4 g3 53. Ke1 Ng6 54. Nxg6 Kxg6 55. Rxd5 h5 56. Kf1 h4 57. Kg2 Kf6 58. Rc5 Ke6 59. Rxc4 Kd5 60. Rc5+ Kxd4 61. Rxa5 Ke3 62. Rh5 1-0

[Event "Straume Bronstein Cup"]
[Site "Straume"]
[Date "2020.10.25"]
[Round "2"]
[White "Ohnstad, Per"]
[Black "Thorbjornsen, Ask Maardalen"]
[Result "1-0"]
[WhiteElo "1594"]
[BlackElo "1147"]
[PlyCount "60"]
[EventDate "2020.10.25"]
[EventType "swiss (rapid)"]
[EventRounds "6"]
[EventCountry "NOR"]
[SourceTitle "EXT 2024"]
[Source "ChessBase"]
[SourceDate "2023.10.10"]
[SourceVersion "1"]
[SourceVersionDate "2023.10.10"]
[SourceQuality "1"]

1. b3 e5 2. Bb2 Nc6 3. g3 Nf6 4. Bg2 Be7 5. e3 0-0 6. Ne2 d5 7. 0-0 Be6 8. d4 e4 9. Nd2 Nb8 10. c4 c6 11. Nf4 Nbd7 12. Nxe6 fxe6 13. Bh3 Nb6 14. Bxe6+ Kh8 15. Bh3 Qc7 16. Rc1 Nbd7 17. cxd5 Qa5 18. dxc6 bxc6 19. Nc4 Qd5 20. Ba3 Bxa3 21. Nxa3 Rac8 22. Rc4 Rc7 23. Qc2 a5 24. Qc3 Ra8 25. Rc1 Ra6 26. Bf1 h6 27. Ra4 Ra8 28. Nc4 Rca7 29. Qb2 Rc8 30. Qa3 Rca8 1-0

[Event "Bergen Grand Prix A"]
[Site "Bergen"]
[Date "2018.11.25"]
[Round "5"]
[White "Ayzenberg, Alena"]
[Black "Ohnstad, Per"]
[Result "0-1"]
[WhiteElo "1906"]
[BlackElo "1813"]
[PlyCount "80"]
[EventDate "2018.11.23"]
[EventType "swiss"]
[EventRounds "5"]
[EventCountry "NOR"]
[SourceTitle "EXT 2024"]
[Source "ChessBase"]
[SourceDate "2023.10.10"]
[SourceVersion "1"]
[SourceVersionDate "2023.10.10"]
[SourceQuality "1"]

1. d4 Nf6 2. c4 g6 3. Nc3 Bg7 4. e4 d6 5. Nf3 0-0 6. Be2 e5 7. Be3 Nc6 8. d5 Ne7 9. Nd2 Nd7 10. g4 Kh8 11. g5 f5 12. gxf6 Nxf6 13. h4 h5 14. Rg1 Kh7 15. Nf3 Qe8 16. Ng5+ Kg8 17. Nb5 Qd8 18. c5 a6 19. cxd6 cxd6 20. Nc3 Bd7 21. Ne6 Bxe6 22. dxe6 Rc8 23. Qb3 Kh7 24. Rd1 b5 25. Qb4 Ne8 26. Bg5 Bf6 27. Nd5 Bxg5 28. Rxg5 Nxd5 29. Rxd5 Qf6 30. f3 Qxe6 31. Rdxe5 Qf6 32. Rd5 Qf4 33. Qd2 Qxh4+ 34. Kf1 Qh1+ 35. Rg1 Rxf3+ 36. Bxf3 Qxf3+ 37. Ke1 Qxe4+ 38. Kd1 Qb1+ 39. Ke2 Qxg1 40. Rg5 Qh2+ 0-1

[Event "Bergen Grand Prix A"]
[Site "Bergen"]
[Date "2018.11.25"]
[Round "4"]
[White "Ohnstad, Per"]
[Black "Mansoor, Afras"]
[Result "1/2-1/2"]
[WhiteElo "1813"]
[BlackElo "2008"]
[PlyCount "71"]
[EventDate "2018.11.23"]
[EventType "swiss"]
[EventRounds "5"]
[EventCountry "NOR"]
[SourceTitle "EXT 2024"]
[Source "ChessBase"]
[SourceDate "2023.10.10"]
[SourceVersion "1"]
[SourceVersionDate "2023.10.10"]
[SourceQuality "1"]

1. c4 Nf6 2. g3 g6 3. Bg2 Bg7 4. Nc3 0-0 5. d3 d6 6. Nf3 e5 7. 0-0 a6 8. Rb1 h6 9. Bd2 Nh5 10. e4 Be6 11. b4 c6 12. a4 Nd7 13. Be3 Qe8 14. Re1 f5 15. exf5 gxf5 16. Bh3 f4 17. Bxe6+ Qxe6 18. Bd2 Qh3 19. Ne4 d5 20. cxd5 cxd5 21. Qb3 Nb6 22. a5 Kh8 23. axb6 dxe4 24. dxe4 fxg3 25. fxg3 Nxg3 26. Nh4 Ne2+ 27. Kh1 Qxh4 28. Rxe2 Qh5 29. Rg2 Rf7 30. Qd5 Raf8 31. Rbg1 Rf1 32. Be3 Rxg1+ 33. Bxg1 Rf7 34. b5 axb5 35. Qxb5 Qf3 36. Qe2 1/2-1/2

[Event "Bergen Grand Prix A"]
[Site "Bergen"]
[Date "2015.10.25"]
[Round "4"]
[White "Ohnstad, Per"]
[Black "Merkesvik, Sondre"]
[Result "1/2-1/2"]
[WhiteElo "1502"]
[BlackElo "2179"]
[PlyCount "131"]
[EventDate "2015.10.23"]
[EventType "swiss"]
[EventRounds "5"]
[EventCountry "NOR"]
[SourceTitle "EXT 2024"]
[Source "ChessBase"]
[SourceDate "2023.10.10"]
[SourceVersion "1"]
[SourceVersionDate "2023.10.10"]
[SourceQuality "1"]

1. d4 Nf6 2. c4 g6 3. Nc3 d5 4. Qd3 dxc4 5. Qxc4 Nc6 6. Nf3 Bg7 7. e4 0-0 8. Be2 e5 9. d5 Nd4 10. Nxd4 exd4 11. Qxd4 c6 12. d6 Nd5 13. e5 Qxd6 14. exd6 Bxd4 15. Nxd5 cxd5 16. 0-0 Be5 17. Rd1 Be6 18. Bf3 Rfd8 19. Bxd5 Rxd6 20. Bf3 Rxd1+ 21. Bxd1 Rd8 22. Bf3 Bd5 23. Bg5 f6 24. Rd1 fxg5 25. Rxd5 Re8 26. g3 Re7 27. Rb5 b6 28. b3 Kg7 29. Rb4 Rd7 30. Re4 Kf6 31. Kg2 Rd2 32. Re2 Rd3 33. Bb7 Rd4 34. Ba6 Ke6 35. Bc4+ Kf6 36. Bg8 Rd7 37. Bc4 Rc7 38. Re3 Bd4 39. Re6+ Kg7 40. Re4 Bc5 41. h4 gxh4 42. Rxh4 g5 43. Re4 Rd7 44. g4 Rd2 45. Re2 Rd4 46. f3 Bd6 47. Re4 Rd2+ 48. Re2 Rd1 49. Re4 Kf6 50. Re6+ Kg7 51. Re4 h5 52. gxh5 Kh6 53. Re8 Kxh5 54. Bf7+ Kh6 55. Bc4 Kg6 56. Re2 Kf6 57. Re6+ Kf5 58. Re2 Be5 59. Ba6 Ke6 60. Bc4+ Kd6 61. Kh3 Bf4 62. Kg4 Kc5 63. a4 Rd4 64. Re4 Rd2 65. Re2 Rxe2 66. Bxe2 1/2-1/2

[Event "Bergen Grand Prix A"]
[Site "Bergen"]
[Date "2015.10.25"]
[Round "5"]
[White "Stokke, Kjetil"]
[Black "Ohnstad, Per"]
[Result "1-0"]
[WhiteElo "2367"]
[BlackElo "1502"]
[PlyCount "41"]
[EventDate "2015.10.23"]
[EventType "swiss"]
[EventRounds "5"]
[EventCountry "NOR"]
[SourceTitle "EXT 2024"]
[Source "ChessBase"]
[SourceDate "2023.10.10"]
[SourceVersion "1"]
[SourceVersionDate "2023.10.10"]
[SourceQuality "1"]

1. g3 Nf6 2. Bg2 g6 3. c4 Bg7 4. Nc3 0-0 5. e4 d6 6. Nge2 c5 7. 0-0 Nc6 8. d3 a6 9. h3 e6 10. Be3 Ne7 11. d4 Nd7 12. Qd2 f5 13. Rad1 Qb6 14. b3 Rb8 15. f4 Qc7 16. dxc5 dxc5 17. e5 b6 18. Qd6 Qd8 19. Qxe6+ Kh8 20. Qd6 Qe8 21. e6 1-0

[Event "Bergen Grand Prix A"]
[Site "Bergen"]
[Date "2015.10.24"]
[Round "2"]
[White "Jonvik, Aslak"]
[Black "Ohnstad, Per"]
[Result "0-1"]
[WhiteElo "1500"]
[BlackElo "1502"]
[PlyCount "76"]
[EventDate "2015.10.23"]
[EventType "swiss"]
[EventRounds "5"]
[EventCountry "NOR"]
[SourceTitle "EXT 2024"]
[Source "ChessBase"]
[SourceDate "2023.10.10"]
[SourceVersion "1"]
[SourceVersionDate "2023.10.10"]
[SourceQuality "1"]

1. e4 e6 2. d4 d5 3. Nc3 Nf6 4. Bg5 Be7 5. Bd3 dxe4 6. Nxe4 Nxe4 7. Bxe7 Qxe7 8. Bxe4 Qb4+ 9. c3 Qxb2 10. Ne2 Qa3 11. 0-0 c6 12. Qc2 g6 13. f4 f5 14. Bd3 Nd7 15. Rae1 Nf6 16. Ng3 Kf7 17. c4 Bd7 18. Rf3 Qd6 19. Qc3 Rac8 20. Kh1 Rhe8 21. Re5 b5 22. c5 Qc7 23. Ne2 Ng4 24. Qd2 Qd8 25. h3 Nxe5 26. fxe5 Kg7 27. h4 Qxh4+ 28. Rh3 Qe7 29. Qh6+ Kg8 30. Nf4 Qg7 31. Qg5 Re7 32. Rg3 Kf8 33. Qh4 Be8 34. Nh5 Qh6 35. Qf6+ Rf7 36. Qh8+ Ke7 37. Be2 Bd7 38. Rxg6 Qxg6 0-1

[Event "Bergen op"]
[Site "Bergen"]
[Date "2012.11.23"]
[Round "5"]
[White "Ohnstad, Per"]
[Black "Nilsen, Martin"]
[Result "0-1"]
[WhiteElo "1380"]
[BlackElo "1663"]
[PlyCount "114"]
[EventDate "2012.11.23"]
[EventType "swiss"]
[EventRounds "5"]
[EventCountry "NOR"]
[SourceTitle "CBM 151 Extra"]
[Source "ChessBase"]
[SourceDate "2012.12.18"]
[SourceVersion "1"]
[SourceVersionDate "2012.12.18"]
[SourceQuality "1"]

1. Nf3 Nc6 2. g3 e5 3. d3 d5 4. Bg2 Nf6 5. 0-0 Bd6 6. Nbd2 Bf5 7. c4 d4 8. a3 a5 9. Nh4 Bg4 10. h3 Bh5 11. g4 Nxg4 12. hxg4 Qxh4 13. c5 Bxg4 14. cxd6 cxd6 15. f3 Bh3 16. Qe1 Qxe1 17. Rxe1 Bxg2 18. Kxg2 b5 19. Ne4 Ke7 20. Bd2 Nd8 21. f4 f5 22. Ng3 Ne6 23. Rf1 g5 24. fxg5 f4 25. Ne4 Nxg5 26. Nxg5 Rhg8 27. Rg1 h6 28. Kf2 hxg5 29. Rg4 Ke6 30. Rc1 Kf5 31. Rg2 Rac8 32. Rxc8 Rxc8 33. Bxa5 g4 34. Bb4 d5 35. Rg1 Rc2 36. Re1 Rxb2 37. Kf1 e4 38. Bd6 f3 39. Bc5 Ke5 40. e3 dxe3 41. Bxe3 Ra2 42. Bc5 g3 43. Bb6 Kf5 44. dxe4+ dxe4 45. Rb1 Kg4 46. Re1 Kh3 47. Rxe4 f2 48. Bxf2 Rxf2+ 49. Kg1 Ra2 50. Rf4 Ra1+ 51. Rf1 Rxf1+ 52. Kxf1 g2+ 53. Kg1 Kg3 54. a4 b4 55. a5 b3 56. a6 b2 57. a7 b1R# 0-1